| 000 | 01327nam a2200325 i 4500 | ||
|---|---|---|---|
| 003 | DO-SdBNP | ||
| 005 | 20241015091655.0 | ||
| 007 | ta | ||
| 008 | 230919b2022 dr ||||| |||| 00| 0 spa d | ||
| 020 | _a9789945425802 | ||
| 040 |
_aDO-SdBNP _bspa _cBNPHU _erda |
||
| 082 | 4 | _222 | |
| 100 | 1 |
_aGuzmán A., Fabio J. _q(Fabio José Guzmán Ariza), _d1949- _930896 |
|
| 245 | 1 | 3 |
_aLa ley no. 108-05 de registro inmobiliario : _bcomentada por registradores de títulos / _cIndhira del Rosario Luna, Rigoberto Lorenzo Ybert, Janny de los Santos, Zunilda Ant. Reyes de los Santos, Massiel E. Lizardo Pérez ; prólogo, Alexis Read Ortiz |
| 264 |
_aSanto Domingo : _bEscuela Nacional de la Judicatura, _c2022. |
||
| 300 |
_a511 páginas ; _c23 cm. |
||
| 336 |
_2rdacontent _atexto _btxt |
||
| 337 |
_2rdamedia _asin mediación _bn |
||
| 338 |
_2rdacarrier _avolumen _bnc |
||
| 500 | _aIncluye referencias bibliográficas y notas al pie de las páginas | ||
| 590 | _aInventariado, 2023/BT | ||
| 700 | 1 |
_aRosario Luna, Indhira del _984187 |
|
| 700 | 1 |
_aYbert, Rigoberto Lorenzo _984188 |
|
| 700 | 1 |
_aSantos, Janny delos _984189 |
|
| 700 | 1 |
_aReyes Santos, Zunilda Ant. de los _984190 |
|
| 700 | 1 |
_aLizardo Pérez, Massiel E. _984191 |
|
| 700 | 1 |
_aRead Ortiz, Alexis, _eprólogo _979261 |
|
| 910 | _aBtavárez | ||
| 942 |
_2ddc _cLBS1 |
||
| 999 |
_c54824 _d54824 |
||